00502cam a2200193 a 4500001000800000005001700008008004100025010001700066020003200083040002300115041000800138060001600146080001700162082002100179100000600200101000800206245005500214504003900269287906920180228091258.0860804s1987 nyua b 001 0 eng c a 86020357  a0387964525 :c$91.90 (est.) aDNLM/DLCcDLCdDLC aeng aWP 100 P297 a618.107 ROB00a618.107 ROB219 a9 aPAT10aBlaustein's pathology of the female genital tract. aIncludes bibliographies and index.